[Event "EOBCC 2020"]
[Site "Online"]
[Date "2020.12.18"]
[Round "8.84"]
[White "Koelle, Tobias"]
[Black "Firat, Burak"]
[Result "0-1"]
[WhiteElo "2340"]
[BlackElo "2474"]
[Annotator "ChessBase"]
[PlyCount "88"]
[EventDate "2020.12.18"]
[EventType "tourn"]
[EventCountry "NET"]
[SourceTitle "playchess.com"]
[Source "ChessBase"]
[SourceQuality "1"]

1. d4 Nf6 2. c3 g6 3. Bf4 Bg7 4. Nf3 O-O 5. h3 b6 6. Nbd2 Bb7 7. e3 d6 8. Bh2 Nbd7 9. Bd3 e6 10. O-O Qe7 11. Qe2 a5 12. Rfe1 e5 13. e4 Nh5 14. Qf1 Rfe8 15. Nc4 a4 16. Ne3 Nf4 17. Bxf4 exf4 18. Nd5 Qd8 19. Nxf4 Nf6 20. e5 dxe5 21. Nxe5 c5 22. Bc4 Nd5 23. Nxd5 Bxd5 24. Rad1 Bxc4 25. Qxc4 Qc7 26. Nf3 Rxe1+ 27. Rxe1 a3 28. b3 Rd8 29. Ng5 Qf4 30. Re7 Rf8 31. Nf3 Qc1+ 32. Re1 Qb2 33. dxc5 Qxa2 34. cxb6 Qb2 35. b7 a2 36. Qa4 Bxc3 37. Qa8 Bxe1 38. b8=Q Rxb8 39. Qxb8+ Kg7 40. Ng5 Qxf2+ 41. Kh1 a1=Q 42. Ne6+ fxe6 43. Qc7+ Qf7 44. Qe5+ Qxe5 0-1

[Event "EOBCC 2020"]
[Site "Online"]
[Date "2020.12.18"]
[Round "8.85"]
[White "Colbow, Collin"]
[Black "Zarubitski, Viachaslau"]
[Result "0-1"]
[WhiteElo "2339"]
[BlackElo "2448"]
[Annotator "NA"]
[PlyCount "102"]
[EventDate "2020.12.18"]
[EventType "tourn"]
[EventCountry "NET"]
[SourceTitle "playchess.com"]
[Source "ChessBase"]
[SourceQuality "1"]

1. e4 e5 2. Nf3 Nf6 3. d4 Nxe4 4. Bd3 Nc6 5. Nxe5 Nxe5 6. dxe5 Nc5 7. Bc4 d6 8. O-O Be6 9. Bxe6 Nxe6 10. exd6 Bxd6 11. Nc3 O-O 12. Be3 Re8 13. Ne4 Bxh2+ 14. Kxh2 Qh4+ 15. Kg1 Qxe4 16. Re1 Rad8 17. Qe2 Nd4 18. Qd3 Nxc2 19. Qxe4 Rxe4 20. Bg5 Rxe1+ 21. Rxe1 Nxe1 22. Bxd8 c6 23. Kf1 Nd3 24. b3 f5 25. Bg5 Kf7 26. Ke2 Nc5 27. Be3 b6 28. b4 Ne6 29. a4 Kf6 30. Kd3 Ke5 31. Kc4 g5 32. f3 h5 33. b5 c5 34. Bd2 g4 35. a5 h4 36. axb6 axb6 37. Be1 g3 38. Kd3 Nf4+ 39. Kc3 Nxg2 40. Bd2 h3 41. Kc4 h2 42. f4+ Ke4 43. Bc3 h1=Q 44. Be5 Qb1 45. Kc3 Ne3 46. Kd2 Qc2+ 47. Ke1 g2 48. Bd6 g1=N 49. Be5 c4 50. Bd4 c3 51. Bxe3 Qe2# 0-1

[Event "EOBCC 2020"]
[Site "Online"]
[Date "2020.12.18"]
[Round "8.86"]
[White "Marjanovic, Annamaria"]
[Black "Grigorian, Spartak"]
[Result "0-1"]
[WhiteElo "2338"]
[BlackElo "2433"]
[Annotator "ChessBase"]
[PlyCount "124"]
[EventDate "2020.12.18"]
[EventType "tourn"]
[EventCountry "NET"]
[SourceTitle "playchess.com"]
[Source "ChessBase"]
[SourceQuality "1"]

1. c4 e6 2. g3 d5 3. Bg2 Nf6 4. Nf3 d4 5. d3 c5 6. O-O Nc6 7. e3 h6 8. exd4 cxd4 9. Re1 Bb4 10. Nbd2 a5 11. a3 Be7 12. Ne5 Nxe5 13. Rxe5 Nd7 14. Re1 Nc5 15. Ne4 O-O 16. Rb1 Na6 17. f4 Bd7 18. Bd2 a4 19. Qc2 Bc6 20. Re2 Rc8 21. Nf2 Bxg2 22. Kxg2 b5 23. Rc1 Qb6 24. Kg1 Rfd8 25. Re4 Nc5 26. Ree1 Nb3 27. Rcd1 bxc4 28. dxc4 d3 29. Qc3 Bc5 30. Rf1 Bd4 31. Qb4 Nxd2 32. Qxb6 Bxb6 33. Rxd2 Be3 34. Rdd1 Rxc4 35. Kg2 Rc2 36. Kf3 Bb6 37. Nxd3 Rxh2 38. Rfe1 Rh5 39. Re2 Rhd5 40. Red2 Ba5 41. Rc2 Rxd3+ 42. Rxd3 Rxd3+ 43. Kg4 Rd2 44. Rc8+ Kh7 45. Ra8 Bb6 46. Rxa4 Rxb2 47. Ra8 f5+ 48. Kh3 Rb3 49. Kg2 Bc7 50. Ra7 Bd6 51. Ra6 Bxa3 52. Rxe6 Bb2 53. Rd6 Rb5 54. Rd3 Bf6 55. Rd2 Rb2 56. Rxb2 Bxb2 57. Kh3 Kg6 58. Kh4 Bd4 59. Kh3 Bf2 60. Kg2 Bxg3 61. Kxg3 Kh5 62. Kh3 g5 0-1

[Event "EOBCC 2020"]
[Site "Online"]
[Date "2020.12.18"]
[Round "8.87"]
[White "Pajeken, Jakob Leon"]
[Black "Matnadze, Ana"]
[Result "1-0"]
[WhiteElo "2323"]
[BlackElo "2421"]
[Annotator "ChessBase"]
[PlyCount "99"]
[EventDate "2020.12.18"]
[EventType "tourn"]
[EventCountry "NET"]
[SourceTitle "playchess.com"]
[Source "ChessBase"]
[SourceQuality "1"]

1. e4 c6 2. d4 d5 3. Nd2 dxe4 4. Nxe4 Nf6 5. Nxf6+ exf6 6. c3 Bd6 7. Bd3 O-O 8. Qc2 h6 9. Ne2 Re8 10. Be3 Nd7 11. O-O Nf8 12. Ng3 Qc7 13. Rae1 Bg4 14. h3 Bxg3 15. fxg3 Be6 16. Qf2 Rad8 17. b3 b5 18. Bb1 Bd5 19. h4 a5 20. Qd2 Qxg3 21. c4 bxc4 22. bxc4 Bxc4 23. Rf3 Qxh4 24. Bf2 Qg5 25. Be3 Qd5 26. Rc1 Ng6 27. Rg3 Bb5 28. Rc5 Qe6 29. Bf5 Qe7 30. Qc2 Nh4 31. Bh7+ Kh8 32. Rh5 f5 33. Bxf5 Nxf5 34. Qxf5 Rd6 35. Kh2 Re6 36. Bf4 Rf6 37. Qg4 Rg6 38. Qh3 Qe6 39. Be5 Qxh3+ 40. Rgxh3 Kg8 41. Rf3 Rge6 42. Rg3 f6 43. Bf4 Kf7 44. Rhh3 Re2 45. a3 Bc4 46. Bd6 Bd5 47. Rh4 Rb2 48. Rhg4 g5 49. Rd3 Ree2 50. Bc7 1-0

[Event "EOBCC 2020"]
[Site "Online"]
[Date "2020.12.18"]
[Round "8.88"]
[White "Svane, Frederik"]
[Black "Hurdzan, Tomas"]
[Result "1-0"]
[WhiteElo "2421"]
[BlackElo "2317"]
[Annotator "ChessBase"]
[PlyCount "117"]
[EventDate "2020.12.18"]
[EventType "tourn"]
[EventCountry "NET"]
[SourceTitle "playchess.com"]
[Source "ChessBase"]
[SourceQuality "1"]

1. e4 c5 2. Nf3 d6 3. Bb5+ Nd7 4. d4 cxd4 5. Qxd4 a6 6. Bxd7+ Bxd7 7. Nc3 Nf6 8. Bg5 Rc8 9. O-O-O Qa5 10. Kb1 e5 11. Qd3 Rxc3 12. bxc3 Bb5 13. c4 Qb4+ 14. Qb3 Qxc4 15. Bxf6 gxf6 16. Rhe1 Be7 17. Nh4 Qc6 18. Nf5 Bc4 19. Qb4 Kd7 20. Rxd6+ Bxd6 21. Rd1 Qb5 22. Rxd6+ Kc7 23. Qxb5 axb5 24. Rxf6 Rd8 25. Ne3 Be6 26. a3 Rd4 27. Rh6 Rxe4 28. Rxh7 Rd4 29. Kc1 Kd6 30. h4 Ke7 31. Rh8 Kf6 32. g3 Ra4 33. Kb2 b4 34. axb4 Rxb4+ 35. Kc3 Rb1 36. Rb8 Ke7 37. Kd3 Kf6 38. Ke4 Rb4+ 39. Kf3 Kg7 40. g4 Kf6 41. Rg8 Ke7 42. h5 Rb1 43. h6 Rh1 44. g5 Bd7 45. Ke4 Ke6 46. Kd3 Bc6 47. Rg7 Rh4 48. c3 Be4+ 49. Kc4 Bc6+ 50. Kc5 Rh5 51. Kb6 Rh2 52. Rg8 Rxf2 53. h7 Rb2+ 54. Kc7 Re2 55. h8=Q Rxe3 56. Qf6+ Kd5 57. Qxf7+ Ke4 58. Rd8 Rf3 59. g6 1-0

[Event "EOBCC 2020"]
[Site "Online"]
[Date "2020.12.18"]
[Round "8.90"]
[White "Babazada, Khazar"]
[Black "Brozyna, Mateusz"]
[Result "1-0"]
[WhiteElo "2409"]
[BlackElo "2312"]
[Annotator "NA"]
[PlyCount "99"]
[EventDate "2020.12.18"]
[EventType "tourn"]
[EventCountry "NET"]
[SourceTitle "playchess.com"]
[Source "ChessBase"]
[SourceQuality "1"]

1. e4 e5 2. Nc3 Nf6 3. g3 Bc5 4. Bg2 d6 5. Nge2 h5 6. d4 exd4 7. Nxd4 h4 8. Be3 h3 9. Bf3 Nbd7 10. Qd2 Ne5 11. Be2 Neg4 12. O-O-O Nxe3 13. Qxe3 Qe7 14. Rhe1 Bd7 15. Qd2 O-O-O 16. Bf3 Kb8 17. a3 Ng4 18. Bh1 Qf6 19. f3 Bxd4 20. Qxd4 Qxd4 21. Rxd4 Nf6 22. Kd2 Bc6 23. Nd1 Rde8 24. Ne3 g6 25. b4 a6 26. c4 b6 27. Ra1 Bb7 28. a4 Re7 29. a5 bxa5 30. Rxa5 Nd7 31. Nd5 Re6 32. f4 Nb6 33. c5 dxc5 34. bxc5 Nd7 35. Rb4 Kc8 36. Bf3 Rc6 37. Ne7+ Kd8 38. Nxc6+ Bxc6 39. Rxa6 Ke7 40. Rxc6 Ra8 41. Rxc7 Ra2+ 42. Ke3 Kd8 43. Rbb7 Nf6 44. Rxf7 Ne8 45. Bg4 Ra3+ 46. Kd4 Ra4+ 47. Ke5 Ra8 48. Rbd7+ Kc8 49. Rd6+ Kb8 50. Rb6# 1-0

[Event "EOBCC 2020"]
[Site "Online"]
[Date "2020.12.18"]
[Round "8.91"]
[White "Nazaretyan, Tigran"]
[Black "Sargsyan, Anna M."]
[Result "0-1"]
[WhiteElo "2316"]
[BlackElo "2402"]
[Annotator "ChessBase"]
[PlyCount "62"]
[EventDate "2020.12.18"]
[EventType "tourn"]
[EventCountry "NET"]
[SourceTitle "playchess.com"]
[Source "ChessBase"]
[SourceQuality "1"]

1. d4 d5 2. c4 c6 3. Nf3 Nf6 4. Nc3 dxc4 5. a4 Bf5 6. e3 e6 7. Bxc4 Bb4 8. Qb3 Qe7 9. a5 Nbd7 10. Ra4 Bd6 11. Qxb7 O-O 12. O-O c5 13. Qb3 Rab8 14. Qd1 Rfc8 15. d5 e5 16. g3 e4 17. Nh4 Bh3 18. Re1 Ne5 19. Bf1 Bg4 20. Be2 g5 21. Bxg4 Nfxg4 22. Nf5 Qf6 23. f3 Nxf3+ 24. Kg2 Qxf5 25. Nxe4 Nfxh2 26. Nxd6 Qf2+ 27. Kh3 Ne5 28. Rh1 g4+ 29. Kh4 Qf6+ 30. Kh5 Qg6+ 31. Kh4 Qh6# 0-1

[Event "EOBCC 2020"]
[Site "Online"]
[Date "2020.12.18"]
[Round "8.92"]
[White "Havlik, Jan"]
[Black "Fataliyeva, Ulviyya"]
[Result "0-1"]
[WhiteElo "2393"]
[BlackElo "2301"]
[Annotator "NA"]
[PlyCount "80"]
[EventDate "2020.12.18"]
[EventType "tourn"]
[EventCountry "NET"]
[SourceTitle "playchess.com"]
[Source "ChessBase"]
[SourceQuality "1"]

1. e4 e6 2. d3 d5 3. Nd2 c5 4. g3 g6 5. Bg2 Bg7 6. Ngf3 Ne7 7. O-O O-O 8. Qe2 Nbc6 9. c3 b5 10. e5 Rb8 11. d4 b4 12. Nb3 bxc3 13. bxc3 c4 14. Nc5 Qb6 15. a4 Na5 16. Ba3 Re8 17. Nd2 Nec6 18. Rab1 Qc7 19. Rxb8 Qxb8 20. Rb1 Qc7 21. h4 f6 22. f4 fxe5 23. fxe5 Nxe5 24. dxe5 Bxe5 25. Rf1 Bd6 26. Qe3 Nb7 27. Na6 Qd7 28. Bxd6 Qxd6 29. Nb4 Bd7 30. Nxc4 dxc4 31. Bxb7 a5 32. Nc2 Bxa4 33. Nd4 e5 34. Nf3 e4 35. Ng5 Qe5 36. Kh2 Re7 37. Bxe4 Bc6 38. Re1 h6 39. Bd5+ Qxd5 40. Qxe7 Qg2# 0-1

[Event "EOBCC 2020"]
[Site "Online"]
[Date "2020.12.18"]
[Round "8.93"]
[White "Zovko, Mario"]
[Black "Megalios, Konstantinos"]
[Result "1/2-1/2"]
[WhiteElo "2312"]
[BlackElo "2390"]
[Annotator "ChessBase"]
[PlyCount "141"]
[EventDate "2020.12.18"]
[EventType "tourn"]
[EventCountry "NET"]
[SourceTitle "playchess.com"]
[Source "ChessBase"]
[SourceQuality "1"]

1. e4 e5 2. Nf3 Nc6 3. Nc3 Nf6 4. d4 exd4 5. Nxd4 Bc5 6. Be3 Bb6 7. Qd2 Ng4 8. Nxc6 bxc6 9. Bd4 O-O 10. f3 Bxd4 11. Qxd4 Qh4+ 12. g3 Qf6 13. Qxf6 Nxf6 14. O-O-O d6 15. Bc4 Re8 16. Rhe1 Be6 17. Bxe6 Rxe6 18. Kd2 Rb8 19. b3 h5 20. Re3 g6 21. Rde1 Nd7 22. Ne2 c5 23. Nf4 Ree8 24. Nd5 Rbc8 25. f4 c6 26. Nc3 Nf6 27. h3 Rcd8 28. Kc1 Kf8 29. e5 Nd5 30. Nxd5 cxd5 31. exd6 Rxe3 32. Rxe3 Rxd6 33. Kd2 Rf6 34. Rc3 h4 35. gxh4 Rxf4 36. Rxc5 Rxh4 37. Rxd5 Rxh3 38. Rd3 Rh2+ 39. Kc3 Ke7 40. a4 f5 41. b4 g5 42. b5 f4 43. a5 g4 44. b6 axb6 45. axb6 Rh6 46. Rd4 f3 47. Rxg4 f2 48. Rf4 Rc6+ 49. Kd2 Rxb6 50. Rxf2 Kd7 51. Kd3 Rh6 52. Rf4 Kc6 53. Rc4+ Kb7 54. Kc3 Rh5 55. Kb4 Kb6 56. Rf4 Kc6 57. Rf6+ Kc7 58. c4 Rg5 59. Rh6 Rf5 60. Ra6 Rg5 61. Ra5 Rxa5 62. Kxa5 Kc6 63. Kb4 Kb6 64. c5+ Kc6 65. Kc4 Kc7 66. Kd5 Kd7 67. c6+ Kc7 68. Kc5 Kc8 69. Kb6 Kb8 70. c7+ Kc8 71. Kc6 1/2-1/2

[Event "EOBCC 2020"]
[Site "Online"]
[Date "2020.12.18"]
[Round "8.94"]
[White "Han, Yichen"]
[Black "Remizov, Yaroslav"]
[Result "0-1"]
[WhiteElo "2307"]
[BlackElo "2385"]
[Annotator "NA"]
[PlyCount "54"]
[EventDate "2020.12.18"]
[EventType "tourn"]
[EventCountry "NET"]
[SourceTitle "playchess.com"]
[Source "ChessBase"]
[SourceQuality "1"]

1. e4 c6 2. d4 d5 3. exd5 cxd5 4. c4 Nf6 5. Nc3 g6 6. cxd5 Bg7 7. Be2 Nxd5 8. Bf3 Nb6 9. Nge2 O-O 10. O-O Nc6 11. d5 Ne5 12. Be4 Bd7 13. Bf4 Rc8 14. Rc1 Nbc4 15. Qb3 Nd6 16. Bb1 Qa5 17. Rfe1 Qa6 18. Ne4 Ndc4 19. Red1 Ba4 20. Qb4 Bxd1 21. Rxd1 Nxb2 22. Rd2 Ned3 23. Bxd3 Nxd3 24. Qb1 Nxf4 25. Nxf4 Qc4 26. f3 Bd4+ 27. Kh1 Be3 0-1

[Event "EOBCC 2020"]
[Site "Online"]
[Date "2020.12.18"]
[Round "8.95"]
[White "Myshakov, Fyodor"]
[Black "Mammadova, Gulnar"]
[Result "0-1"]
[WhiteElo "2292"]
[BlackElo "2382"]
[Annotator "ChessBase"]
[PlyCount "110"]
[EventDate "2020.12.18"]
[EventType "tourn"]
[EventCountry "NET"]
[SourceTitle "playchess.com"]
[Source "ChessBase"]
[SourceQuality "1"]

1. c4 g6 2. Nc3 Bg7 3. Nf3 d6 4. g3 e5 5. Bg2 Nc6 6. O-O f5 7. d3 Nf6 8. Rb1 O-O 9. b4 h6 10. b5 Ne7 11. e3 g5 12. d4 e4 13. Nd2 Ng6 14. f3 exf3 15. Qxf3 Rb8 16. Bb2 Be6 17. e4 f4 18. Qd3 Qd7 19. Nd5 Nxd5 20. cxd5 Bg4 21. Rbe1 Rbe8 22. a4 b6 23. Nc4 h5 24. e5 Bf5 25. Be4 dxe5 26. dxe5 h4 27. Bxf5 Qxf5 28. Qxf5 Rxf5 29. g4 Rff8 30. Ba3 Rf7 31. e6 Rf6 32. Bb2 Rff8 33. Bxg7 Kxg7 34. Ne5 Nxe5 35. Rxe5 Kg6 36. Rc1 Re7 37. Kf2 Kh6 38. Kf3 Kg6 39. Rc6 Ra8 40. Re2 a6 41. Rec2 axb5 42. axb5 Ra3+ 43. Kf2 Rd3 44. Rxc7 Rxc7 45. Rxc7 Rxd5 46. Rc6 Rxb5 47. Kf3 Kf6 48. Kf2 h3 49. Kg1 Rb2 50. Rd6 b5 51. Rb6 b4 52. Kf1 Rxh2 53. Rxb4 Kxe6 54. Rb5 Kf6 55. Rb6+ Ke5 0-1

[Event "EOBCC 2020"]
[Site "Online"]
[Date "2020.12.18"]
[Round "8.96"]
[White "Sukovic, Andrej"]
[Black "Dudin, Gleb"]
[Result "0-1"]
[WhiteElo "2282"]
[BlackElo "2395"]
[Annotator "ChessBase"]
[PlyCount "156"]
[EventDate "2020.12.18"]
[EventType "tourn"]
[EventCountry "NET"]
[SourceTitle "playchess.com"]
[Source "ChessBase"]
[SourceQuality "1"]

1. e4 c6 2. Nc3 d5 3. d3 g6 4. f4 Bg7 5. e5 h5 6. Nf3 Nh6 7. Be2 Bg4 8. h3 Bxf3 9. Bxf3 e6 10. O-O h4 11. Ne2 Nf5 12. c4 Nd7 13. b3 Qb6+ 14. Kh2 a5 15. Bg4 Bf8 16. Bxf5 gxf5 17. d4 a4 18. Rf3 Qa6 19. Rb1 axb3 20. axb3 Be7 21. Be3 Nb6 22. c5 Nc8 23. Rf1 Kd7 24. Ra1 Qxa1 25. Qxa1 Rxa1 26. Rxa1 Kc7 27. Ra8 Rg8 28. Bf2 b6 29. b4 Kb7 30. Ra2 Na7 31. Ng1 Nb5 32. Rc2 Na3 33. Ra2 Nb5 34. Rc2 Ra8 35. Nf3 Ra4 36. Rb2 Ra3 37. Kh1 Rd3 38. Kg1 Rd1+ 39. Kh2 Nc3 40. Bxh4 Bxh4 41. Nxh4 Rxd4 42. Nf3 Rxf4 43. h4 Nb5 44. h5 Nd4 45. Nxd4 Rxd4 46. Kh3 Rg4 47. g3 Ka6 48. Ra2+ Kb5 49. cxb6 Kxb6 50. Rc2 d4 51. Rc4 Kb5 52. Rc5+ Kb6 53. Rc4 Kb5 54. Rc5+ Kxb4 55. Rxc6 d3 56. Rd6 Kc3 57. Rc6+ Kb3 58. Rd6 Kc2 59. Rc6+ Kd1 60. Rd6 d2 61. Kg2 Ke2 62. h6 Rg6 63. h7 Rh6 64. Rd8 Rxh7 65. g4 fxg4 66. Kg3 d1=Q 67. Rxd1 Kxd1 68. Kxg4 Rg7+ 69. Kf4 Rg6 70. Kf3 Kd2 71. Kf4 Kd3 72. Kf3 Kd4 73. Kf4 Kd5 74. Kf3 Kxe5 75. Ke2 f5 76. Ke1 Rg2 77. Kf1 Ra2 78. Ke1 f4 0-1

[Event "EOBCC 2020"]
[Site "Online"]
[Date "2020.12.18"]
[Round "8.97"]
[White "Baghdasaryan, Vahe"]
[Black "Gurbanov, Andrei"]
[Result "1/2-1/2"]
[WhiteElo "2364"]
[BlackElo "2289"]
[Annotator "TA"]
[PlyCount "214"]
[EventDate "2020.12.18"]
[EventType "tourn"]
[EventCountry "NET"]
[SourceTitle "playchess.com"]
[Source "ChessBase"]
[SourceQuality "1"]

1. e4 e5 2. Nf3 Nc6 3. Bc4 Bc5 4. b4 Bxb4 5. c3 Ba5 6. d4 Qe7 7. O-O Bb6 8. a4 a6 9. a5 Ba7 10. Qb3 d6 11. dxe5 Nxe5 12. Nxe5 dxe5 13. Ba3 Qf6 14. Kh1 Ne7 15. f4 exf4 16. e5 Qf5 17. Nd2 Be3 18. Nf3 Nc6 19. Rae1 Nxa5 20. Qa4+ b5 21. Qxa5 bxc4 22. Qd5 Rb8 23. Qc6+ Bd7 24. Qxc7 Rc8 25. Qd6 Qe6 26. Qd1 Rd8 27. Ng5 Qxe5 28. Rxe3 fxe3 29. Nxf7 e2 30. Nxe5 exd1=Q 31. Rxd1 Be6 32. Re1 Rd5 33. Nc6 Kd7 34. Nb4 Ra5 35. Bc1 Re8 36. Be3 Re5 37. Rd1+ Kc8 38. Bd4 Re2 39. h3 a5 40. Nc6 Bd5 41. Nxa5 Bxg2+ 42. Kg1 Bd5 43. Rb1 Re1+ 44. Rxe1 Rxe1+ 45. Kf2 Ra1 46. Bb6 Kd7 47. Ke3 Ke6 48. Kd4 g5 49. Kc5 h5 50. Bc7 g4 51. hxg4 hxg4 52. Nxc4 Bxc4 53. Kxc4 Rg1 54. Kd3 g3 55. Ke3 g2 56. Kf2 Rc1 57. Kxg2 Rxc3 58. Bg3 Kf5 59. Bf2 Kg4 60. Bb6 Rc2+ 61. Kh1 Kf3 62. Ba7 Rb2 63. Bc5 Kg3 64. Bd6+ Kf3 65. Bc5 Rc2 66. Bb6 Kg3 67. Ba7 Rc1+ 68. Bg1 Rc6 69. Bd4 Re6 70. Ba7 Rh6+ 71. Kg1 Ra6 72. Bb8+ Kf3 73. Kh1 Ra1+ 74. Kh2 Kf2 75. Kh3 Ra4 76. Bc7 Kf3 77. Kh2 Ra2+ 78. Kh1 Rc2 79. Bb8 Kf2 80. Ba7+ Kf1 81. Bb8 Rc8 82. Bg3 Rg8 83. Bd6 Kf2 84. Bc5+ Kg3 85. Bd6+ Kh3 86. Bc5 Rg5 87. Bd4 Rd5 88. Bb6 Kg3 89. Bc7+ Kf2 90. Bb6+ Kf1 91. Bc7 Rh5+ 92. Bh2 Rg5 93. Bc7 Rg7 94. Bf4 Kf2 95. Bb8 Rb7 96. Be5 Rb1+ 97. Kh2 Rb5 98. Bd4+ Kf3 99. Kh1 Rd5 100. Ba7 Rh5+ 101. Kg1 Rh8 102. Bb6 Rc8 103. Kh1 Kg3 104. Bd4 Re8 105. Bc5 Re1+ 106. Bg1 Re5 107. Bh2+ Kf3 1/2-1/2

[Event "EOBCC 2020"]
[Site "Online"]
[Date "2020.12.18"]
[Round "8.98"]
[White "Suder, Jakub"]
[Black "Ruperez Benito, Antonio"]
[Result "1/2-1/2"]
[WhiteElo "2239"]
[BlackElo "2363"]
[Annotator "ChessBase"]
[PlyCount "136"]
[EventDate "2020.12.18"]
[EventType "tourn"]
[EventCountry "NET"]
[SourceTitle "playchess.com"]
[Source "ChessBase"]
[SourceQuality "1"]

1. d4 e6 2. c4 d5 3. Nc3 Nf6 4. cxd5 exd5 5. Bg5 Be7 6. e3 O-O 7. Bd3 c6 8. Qc2 Nbd7 9. Nge2 Re8 10. O-O Nf8 11. f3 Ng6 12. Rad1 h6 13. Bxf6 Bxf6 14. Bxg6 fxg6 15. e4 Be6 16. e5 Bf5 17. Qb3 Be7 18. Ng3 Qd7 19. Nxf5 gxf5 20. f4 Bd8 21. Kh1 Kh7 22. Rd3 Re6 23. Qc2 Rg6 24. Rg1 Kh8 25. Nd1 Bb6 26. Ne3 Rf8 27. a4 a5 28. Qb3 Ba7 29. Qc3 Bb6 30. Qb3 Ba7 31. Qd1 Kh7 32. Qh5 Qf7 33. Qf3 Re6 34. Rd2 g5 35. g4 fxg4 36. Rxg4 gxf4 37. Ng2 Ree8 38. Rf2 Qf5 39. Rxf4 Qb1+ 40. Rf1 Rxf4 41. Nxf4 Qe4 42. Qxe4+ dxe4 43. Ne2 Rd8 44. Rf7+ Kg6 45. Rxb7 Bxd4 46. e6 Be3 47. Rd7 Re8 48. Rd6 Kf5 49. Rxc6 Rxe6 50. Ng3+ Ke5 51. Rxe6+ Kxe6 52. Nxe4 Bc1 53. b3 Kd5 54. Ng3 Kc5 55. Ne2 Bd2 56. Kg2 Kb4 57. Nd4 Be3 58. Nc2+ Kxb3 59. Nxe3 Kxa4 60. Kf2 Kb3 61. Nf5 a4 62. Nd4+ Kc4 63. Nc2 Kc3 64. Na3 Kb3 65. Nb5 Kc4 66. Na3+ Kb3 67. Nb1 Kc2 68. Na3+ Kb3 1/2-1/2

[Event "EOBCC 2020"]
[Site "Online"]
[Date "2020.12.18"]
[Round "8.100"]
[White "Lenaerts, Lennert"]
[Black "Gurvich, Vitaly"]
[Result "1-0"]
[WhiteElo "2357"]
[BlackElo "2230"]
[Annotator "ChessBase"]
[PlyCount "117"]
[EventDate "2020.12.18"]
[EventType "tourn"]
[EventCountry "NET"]
[SourceTitle "playchess.com"]
[Source "ChessBase"]
[SourceQuality "1"]

1. d4 Nf6 2. c4 g6 3. Nc3 d5 4. e3 Bg7 5. Qb3 dxc4 6. Bxc4 O-O 7. Nf3 e6 8. O-O Nbd7 9. Rd1 c6 10. e4 Qb6 11. Qc2 Re8 12. Bf4 Nh5 13. Be3 Qa5 14. a3 a6 15. b4 Qc7 16. Qb3 Nb6 17. Be2 Bd7 18. Rac1 Rad8 19. d5 exd5 20. exd5 Rxe3 21. fxe3 Re8 22. d6 Qd8 23. e4 Nf4 24. Re1 Be6 25. Qc2 Qxd6 26. Rcd1 Qe7 27. Qd2 Nxe2+ 28. Nxe2 Nc4 29. Qc1 b5 30. Ned4 Bd7 31. Qg5 Bf6 32. Qf4 Bg7 33. e5 Nxe5 34. Nxe5 Bxe5 35. Qf2 Bxd4 36. Qxd4 Be6 37. Qd6 Qg5 38. Kh1 h5 39. Qxc6 Rf8 40. Qc5 Qf4 41. Qe3 Qf6 42. Rd6 Rc8 43. Rxa6 Qf5 44. Qf3 Qg5 45. Ra8 Rxa8 46. Qxa8+ Kh7 47. Qf3 Bc4 48. h3 Qd2 49. Re3 Kg7 50. Kh2 Qa2 51. Qg3 Bd5 52. Qe5+ Kh7 53. Re2 Qc4 54. Qf6 Qc7+ 55. Qe5 Qb7 56. Rf2 Be6 57. Rd2 Qc8 58. Qf6 Qc7+ 59. g3 1-0

[Event "EOBCC 2020"]
[Site "Online"]
[Date "2020.12.18"]
[Round "8.101"]
[White "Smirnova, Ekaterina"]
[Black "Lewicki, Miroslaw"]
[Result "1-0"]
[WhiteElo "2239"]
[BlackElo "2348"]
[Annotator "NA"]
[PlyCount "77"]
[EventDate "2020.12.18"]
[EventType "tourn"]
[EventCountry "NET"]
[SourceTitle "playchess.com"]
[Source "ChessBase"]
[SourceQuality "1"]

1. d4 Nf6 2. c4 e6 3. Nf3 d5 4. cxd5 exd5 5. Nc3 Bf5 6. Qb3 b6 7. Bg5 c6 8. e4 dxe4 9. Ne5 Be6 10. Bc4 Qxd4 11. Bxe6 Qxe5 12. Bxf7+ Ke7 13. Bxf6+ Kxf6 14. O-O Nd7 15. Nxe4+ Qxe4 16. Rfe1 Qf5 17. Re6+ Kxf7 18. Re5+ Kf6 19. Rxf5+ Kxf5 20. Qh3+ Kf6 21. Qxd7 Bc5 22. Qxc6+ Kg5 23. Qd5+ Kh6 24. Qe6+ g6 25. Qh3+ Kg7 26. Qc3+ Kh6 27. b4 Be7 28. Re1 Rhe8 29. Qh3+ Kg7 30. Qd7 Kf8 31. h4 Rad8 32. Qxa7 Rd2 33. Qxb6 Rxa2 34. Qe6 Rb2 35. h5 Rxb4 36. hxg6 hxg6 37. Qxg6 Rf4 38. Qh6+ Kf7 39. Qxf4+ 1-0

[Event "EOBCC 2020"]
[Site "Online"]
[Date "2020.12.18"]
[Round "8.102"]
[White "Bosiocic, Marin"]
[Black "Leszko, Bence"]
[Result "1/2-1/2"]
[WhiteElo "2602"]
[BlackElo "2321"]
[Annotator "TA"]
[PlyCount "103"]
[EventDate "2020.12.18"]
[EventType "tourn"]
[EventCountry "NET"]
[SourceTitle "playchess.com"]
[Source "ChessBase"]
[SourceQuality "1"]

1. d4 e6 2. Nf3 Nf6 3. Bg5 Be7 4. e3 b6 5. Nbd2 Bb7 6. Bd3 h6 7. Bxf6 Bxf6 8. Qe2 d6 9. c3 Nd7 10. Ba6 Qc8 11. Bxb7 Qxb7 12. e4 e5 13. d5 a5 14. Qb5 Qa6 15. Qc6 Rb8 16. a4 Qb7 17. b4 Qxc6 18. dxc6 Nf8 19. Nc4 Ne6 20. Ne3 g6 21. Nd5 Bg7 22. Nd2 O-O 23. O-O f5 24. Rab1 axb4 25. cxb4 Nd4 26. b5 Rf7 27. f3 Ra8 28. Ra1 h5 29. Nc4 Raf8 30. exf5 gxf5 31. a5 bxa5 32. Rxa5 e4 33. Ra7 Nxb5 34. Rb7 Nd4 35. Na5 Ne6 36. Re1 e3 37. f4 Nc5 38. Rxc7 Rxc7 39. Nxc7 Nd3 40. Rxe3 Bd4 41. Nd5 Bxe3+ 42. Nxe3 Nxf4 43. g3 Ne6 44. Nd5 Ra8 45. Nb7 Kh7 46. Nxd6 Rd8 47. Ne8 Kg6 48. c7 Rxe8 49. c8=Q Rxc8 50. Ne7+ Kg5 51. Nxc8 f4 52. Kg2 1/2-1/2

[Event "EOBCC 2020"]
[Site "Online"]
[Date "2020.12.18"]
[Round "8.103"]
[White "Vesselovsky, Serguei"]
[Black "Teterev, Vitaly"]
[Result "1-0"]
[WhiteElo "2316"]
[BlackElo "2460"]
[Annotator "ChessBase"]
[PlyCount "65"]
[EventDate "2020.12.18"]
[EventType "tourn"]
[EventCountry "NET"]
[SourceTitle "playchess.com"]
[Source "ChessBase"]
[SourceQuality "1"]

1. e4 c5 2. Nf3 e6 3. c3 Nf6 4. e5 Nd5 5. d4 d6 6. exd6 cxd4 7. cxd4 Bxd6 8. Nc3 Be7 9. Bd3 Nc6 10. O-O O-O 11. Re1 Bf6 12. Nxd5 Qxd5 13. Be4 Qa5 14. Qd3 h6 15. Bd2 Qb6 16. Be3 Nb4 17. Qb3 Nd5 18. Bxd5 exd5 19. Qxd5 Qxb2 20. Rab1 Qa3 21. Ne5 Be6 22. Qxb7 Qxa2 23. Ra1 Qd5 24. Qxd5 Bxd5 25. Nd7 Rfe8 26. Ra5 Bc6 27. Nxf6+ gxf6 28. Rea1 Kg7 29. d5 Bb7 30. d6 a6 31. Bb6 Bc6 32. h3 Re6 33. Bc7 1-0

[Event "EOBCC 2020"]
[Site "Online"]
[Date "2020.12.18"]
[Round "8.104"]
[White "Ongut, Tamas Gunes"]
[Black "Polivanov, Anatoliy"]
[Result "0-1"]
[WhiteElo "2332"]
[BlackElo "2452"]
[Annotator "ChessBase"]
[PlyCount "52"]
[EventDate "2020.12.18"]
[EventType "tourn"]
[EventCountry "NET"]
[SourceTitle "playchess.com"]
[Source "ChessBase"]
[SourceQuality "1"]

1. e4 e5 2. Nf3 d6 3. d4 exd4 4. Nxd4 Nf6 5. Nc3 Be7 6. Bf4 O-O 7. Qd2 Nc6 8. O-O-O Nxd4 9. Qxd4 Be6 10. f3 a6 11. Bc4 Bxc4 12. Qxc4 b5 13. Qc6 Nd7 14. Nd5 Rc8 15. Kb1 Bf6 16. Nxf6+ Qxf6 17. Be3 Ne5 18. Qd5 Nc4 19. Bd4 Qg6 20. b3 c5 21. bxc4 cxd4 22. Rxd4 bxc4 23. Qxd6 Qxg2 24. Rhd1 Rb8+ 25. Qxb8 Rxb8+ 26. Kc1 Qg5+ 0-1